Statistics for Richest Countries in Latin America and Caribbean

Click here to take the quiz!

General Stats

  • This quiz has been taken 56 times
    (27 since last reset)
  • The average score is 12 of 15

Answer Stats

USDAnswer% Correct
$25.800Argentina
96%
$23.100Brazil
92%
$18.200Colombia
92%
$40.800Bahamas
88%
$30.000Chile
88%
$22.200Mexico
88%
$27.600Uruguay
88%
$23.000Dominican Republic
85%
$24.400Costa Rica
81%
$38.200Guyana
77%
$36,100Panama
77%
$29.800Trinidad and Tobago
77%
$26.600Saint Kitts and Nevis
69%
$21.900Antigua and Barbuda
65%
$18.800Grenada
65%

Score Distribution

Percentile by Number Answered

Percent of People with Each Score

Your Score History

You have not taken this quiz since the last reset